Normal view MARC view
  • Chesterton, G. K.

Entry Nombre Personal

Number of records used in: 9

001 - NUMERO DE CONTROL

  • campo de control: 30482

003 - IDENTIFICADOR DE NUMERO DE CONTROL

  • campo de control: DLC

005 - FECHA Y HORA DE LA ÜLTIMA TRANSACCIÓN

  • campo de control: 20240213093751.0

008 - DATOS DE LONGITUD FIJA

  • campo de control de longitud fija: 790418n| azannaabn |b aaa

010 ## - NÚMERO DE CONTROL DE LA BIBLIOTECA DEL CONGRESO

  • Número de control LC: n 79021157
  • Número de Control LC Cancelado/inválido: sh 89003291

016 ## - NÚMERO DE CONTROL DE UNA AGENCIA BIBLIOGRÁFICA NACIONAL

  • Número de control del registro: 0019E7012E

024 7# - OTROS IDENTIFICADORES NORMALIZADOS

  • Número normalizado o código: 0000000114680957
  • Fuente: isni

035 ## - NUMERO DE CONTROL

  • Número de control: (OCoLC)oca00254957

040 ## - FUENTE DE CATALOGACIÓN

  • Agencia original de catalogación: DLC
  • Lenguaje de catalogación: spa
  • Description conventions: rda
  • Agencia de transcripción: DLC
  • Agencia que lo modifica: DLC
  • Agencia que lo modifica: OCoLC
  • Agencia que lo modifica: DLC
  • Agencia que lo modifica: NL-TiUL
  • Agencia que lo modifica: CaOONL
  • Agencia que lo modifica: OCoLC
  • Agencia que lo modifica: MX-MxUPN

042 ## - CÓDIGO DE AUTENTICACIÓN

  • Código de autenticación: nlc

046 ## - FECHAS CON CODIFICACIÓN ESPECIAL

  • Fecha de nacimiento: 1874-05-29
  • Fecha de muerte: 1936-06-14
  • Fuente del formato de fecha: edtf

053 #0 - NÚMERO DE CLASIFICACIÓN LC

  • Número de clasificación elemento-número único o número inicial de tramo: PR4453 C4

100 1# - ENCABEZAMIENTO - NOMBRE PERSONAL

  • Nombre personal: Chesterton, G. K.
  • Fuller form of name: (Gilbert Keith),
  • Fechas asociadas con el nombre: 1874-1936

370 ## - LUGAR ASOCIADO

  • Place of birth: Kensington (Londres, Inglaterra)
  • Place of death: Beaconsfield (Inglaterra)

374 ## - OCUPACIÓN

  • Occupation: Escritor
  • Occupation: Filósofo
  • Occupation: Teólogo
  • Occupation: Crítico
  • Occupation: Crítico de arte

377 ## - LENGUA ASOCIADA

  • Language code: eng

378 ## - FORMA COMPLETA DE NOMBRE PERSONAL

  • Fuller form of personal name: Gilbert Keith

400 1# - VEÁSE - NOMBRE DE PERSONA

  • Control subfield: nna
  • Personal name: Chesterton, Gilbert Keith,
  • Dates associated with a name: 1874-1936

400 1# - VEÁSE - NOMBRE DE PERSONA

  • Personal name: Chesterton, Gilbert K.
  • Fuller form of name: (Gilbert Keith),
  • Dates associated with a name: 1874-1936

400 1# - VEÁSE - NOMBRE DE PERSONA

  • Personal name: Chesterton, Gilbert,
  • Dates associated with a name: 1874-1936

400 0# - VEÁSE - NOMBRE DE PERSONA

  • Personal name: G. K. C.
  • Fuller form of name: (Gilbert Keith Chesterton),
  • Dates associated with a name: 1873-1936

670 ## - FUENTE EN LA QUE SE LOCALIZARON DATOS

  • Cita de la fuente: The defendant, 1901:
  • Información localizada: portada (G.K. Chesterton)

670 ## - FUENTE EN LA QUE SE LOCALIZARON DATOS

  • Cita de la fuente: The Club of Queer Trades, 1905:
  • Información localizada: portada (Gilbert K. Chesterton)

670 ## - FUENTE EN LA QUE SE LOCALIZARON DATOS

  • Cita de la fuente: The wild knight and other poems, 1900:
  • Información localizada: portada (Gilbert Chesterton)

670 ## - FUENTE EN LA QUE SE LOCALIZARON DATOS

  • Cita de la fuente: Belloc, H. The Great Inquiry (only authorized version), 1903:
  • Información localizada: portada (G.K.C.)

670 ## - FUENTE EN LA QUE SE LOCALIZARON DATOS

  • Cita de la fuente: Arnaldez, R. Chesterton, c2001:
  • Información localizada: portada (Chesterton) p. 10 (Gilbert Keith Chesterton)

670 ## - FUENTE EN LA QUE SE LOCALIZARON DATOS

  • Cita de la fuente: Wikipedia, viewed June 29, 2021
  • Información localizada: (G.K. Chesterton; Gilbert Keith Chesterton; Knight Commander with Star of the Order of St Gregory the Great; born May 29, 1874 in Kensington, London, England; died June 14, 1936 in Beaconsfield, Buckinghamshire, England; writer, philosopher, lay theologian, and literary and art critic; referred to as the "prince of paradox")
  • Uniform Resource Identifier: https://en.wikipedia.org/wiki/G._K._Chesterton

670 ## - FUENTE EN LA QUE SE LOCALIZARON DATOS

  • Cita de la fuente: El mago, 1956:
  • Información localizada: portada (G.K. Chesterton)

902 ## - CATALOGADOR

  • Catalogador: Víctor Ruiz/130224